| 000 | 00647nam a2200205Ia 4500 | ||
|---|---|---|---|
| 003 | GCL | ||
| 008 | 140319s9999 xx 000 0 eng d | ||
| 040 |
_aGCL / _cGCL |
||
| 082 | 0 | 4 |
_a658.3 _bD I |
| 100 | 1 | _aDOWLING, PETER J. | |
| 245 | 1 | 0 |
_aINTERNATIONAL DIMENSION OF HUMAN RESOURCE MANAGEMENT, 2nd ed / _cDOWLING, PETER J. |
| 700 | 1 | _aSCHULAR, RANDALL S. | |
| 700 | 1 | _aWELCH, DENICE E. | |
| 260 |
_a[S.N] : _bWADWORTH PUBLISHING COMPANY ، _c1994 |
||
| 300 | _a267 P | ||
| 490 |
_aTHE WADSWORTH INTERNATIONAL DIMENSION OF BUSINESS _v0 |
||
| 650 | 0 | 4 | _aINTERNATIONAL BUSINESS ENTERPRISE |
| 650 | 0 | 4 | _aPERSONNEL MANAGEMENT |
| 942 |
_2ddc _cBK |
||
| 999 |
_c19323 _d19323 |
||